00206nam a2200085Ia 4500008004100000100001500041245003800056260001700094260000900111180219s9999 xx 000 0 und d aSharma R A 0aSuchana Sayamsyn Shikishi Tiqniki aR Lal Meerut c2011